| 000 | 01173nam a2200325 a 4500 | ||
|---|---|---|---|
| 001 | 000017053 | ||
| 003 | DO-SdBNP | ||
| 005 | 20250624095821.0 | ||
| 007 | ta | ||
| 008 | 100316s1980 dr 000 0 spa d | ||
| 040 |
_aDO-SdBNP _bspa _cBNPHU _erda |
||
| 041 | _aspa | ||
| 049 | _aBNPD | ||
| 082 | 4 |
_a610.92 _bR696Z _222 |
|
| 100 | 1 |
_aZaglul, Antonio, _d1920-1996 _eautor _4aut. _969657 |
|
| 245 | 1 | 0 |
_aDespreciada en la vida y olvidada en la muerte : _bbiografía de Evangelina Rodríguez, la primera médica dominicana / _cAntonio Zaglul. |
| 264 | 1 |
_aSanto Domingo : _bTaller, _c1980. |
|
| 300 |
_a123 páginas ; _c22 cm. |
||
| 336 |
_atexto _btxt _2rdacontent |
||
| 337 |
_asin mediación _bn _2rdamedia |
||
| 338 |
_avolumen _bnc _2rdacarrier |
||
| 490 | 1 |
_aBiblioteca Taller _v117 |
|
| 500 | _aIncluye datos biográficos del autor en la contracubierta. | ||
| 600 | 1 | 0 |
_aRodríguez Perozo, Andrea Evangelina, _d1879-1947 _918796 |
| 650 | 4 |
_aMujeres como médicos _918797 |
|
| 650 | 4 |
_aMujeres en la medicina _xRepública dominicana _918798 |
|
| 650 | 4 |
_aGinecólogos _xRepública dominicana _918799 |
|
| 910 | _aValidado. Control de calidad EMS | ||
| 942 |
_2ddc _cLBS1 |
||
| 999 |
_c16579 _d16579 |
||